Statistics for World Capitals about 2,000 km away along Parallel from Greenwich Meridian, with Map

Click here to take the quiz!

General Stats

  • This quiz has been taken 33 times
  • The average score is 18 of 25

Answer Stats

D (km) Capital % Correct
2,079 Athens
90%
2,333 Moscow
90%
2,069 Bucharest
90%
1,881 Dakar
86%
2,153 Kiev
86%
1,905 Sofia
83%
2,182 Chisinau
79%
1,795 Banjul
76%
1,801 Minsk
76%
2,528 Praia
76%
1,699 Bissau
72%
1,615 Belgrade
72%
1,691 Nouakchott
69%
1,731 Pristina
66%
1,656 Tirana
66%
1,582 Podgorica
66%
1,502 Conakry
66%
1,771 Skopje
62%
1,702 Cape Town
62%
1,621 Vilnius
62%
1,756 Windhoek
59%
1,638 N'Djamena
59%
1,697 Brazzaville
55%
1,700 Kinshasa
55%
2,060 Bangui
55%

Score Distribution

Percentile by Number Answered

Percent of People with Each Score

Your Score History

You have not taken this quiz